000 03109cam a2200349 4500500
005 20251228052817.0
041 _afre
042 _adc
100 1 0 _aRobertson, Morgan
_eauthor
700 1 0 _aLefèvre, Mathias
_eauthor
245 0 0 _aMesure et aliénation
260 _c2016.
500 _a70
520 _aLe développement de marchés de l’eau, de la biodiversité et du carbone est le signe d’une nouvelle intensification et financiarisation dans la relation entre le capitalisme tardif et la nature. À la suite de Neil Smith, l’article avance que la marchandisation de tels « services écosystémiques » ne correspond pas simplement à une expansion du capital par l’acquisition ou l’industrialisation de nouvelles ressources ; nous assistons à la création d’un nouveau monde social comparable à la transformation à travers laquelle le travail humain individuel est devenu, sous le capitalisme, du travail social. Les auteurs qui, dans le cadre du courant de la political ecology, étudient la marchandisation de la nature, tendent à négliger cette constitution sociale de la valeur de la nature pour se concentrer explicitement ou implicitement sur les théories physiques de la valeur. Une approche critique se doit, au contraire, d’élaborer une théorie critique de la valeur pour comprendre à la fois les impératifs et les silences dans la campagne actuelle pour définir le monde comme une immense collection de services marchands.
520 _aThe development of markets in water quality, biodiversity and carbon sequestration signals a new intensification and financialisation in the encounter between nature and late capitalism. Following Neil Smith’s observations on this transformation, this article argues that the commodification of such “ecosystem services” is not merely an expansion of capital toward the acquisition or industrialisation of new resources, but the making of a new social world comparable to the transformation by which individual human labours became social labour under capitalism. Political ecologists struggling with the commodification of nature have tended to overlook the social constitution of nature’s value in favour of explicit or implicit physical theories of value. A critical approache to nature must retain and elaborate a critical value theory, to understand both the imperatives and the silences in the current campaign to define the world as an immense collection of service commodities.
690 _acommerce du carbone
690 _amarchandisation
690 _anature
690 _apolitical ecology
690 _aServices écosystémiques
690 _avaleur
690 _azones humides
690 _acarbon trading
690 _acommodification
690 _aEcosystem services
690 _anature
690 _apolitical ecology
690 _avalue
690 _awetlands
786 0 _nÉcologie & Politique | 52 | 1 | 2016-02-29 | p. 81-105 | 1166-3030
856 4 1 _uhttps://shs.cairn.info/revue-ecologie-et-politique-2016-1-page-81?lang=fr&redirect-ssocas=7080
999 _c1584570
_d1584570